Introducción a la computación en matemática usando Mathematica /
Guardado en:
| Autor Principal: | |
|---|---|
| Autor Corporativo: | |
| Formato: | Libro |
| Idioma: | Spanish |
| Publicado: |
Buenos Aires :
Red Olímpica,
c1995.
|
| Materias: | |
| Etiquetas: |
Agregar Etiqueta
Sin Etiquetas, Sea el primero en etiquetar este registro!
|
| LEADER | 00998nam a22002055a 4500 | ||
|---|---|---|---|
| 001 | MAT.inmabb003805 | ||
| 008 | 060223s1995####ag#a#####b####000#0#spa#d | ||
| 005 | 20160602164047.0 | ||
| 245 | 1 | 0 | |a Introducción a la computación en matemática usando Mathematica / |c Néstor E. Aguilera. |
| 260 | |a Buenos Aires : |b Red Olímpica, |c c1995. | ||
| 300 | |a 166 p. : |b il. ; |c 26 cm. | ||
| 504 | |a Incluye referencias bibliográficas. | ||
| 505 | 0 | |a 1. Mathematica como calculadora gráfica -- 2. Gráficos -- 3. Más de gráficos -- 4. Variables -- 5. Listas -- 6. Funciones -- 7. Programando en Mathematica -- 8. Búsqueda -- 9. El algoritmo de Euclides -- 10. Números de Fibonacci -- 11. Los números primos -- 12. El juego de Nim -- 13. Un ejemplo de simulación. | |
| 020 | |a 9879072073 | ||
| 100 | 1 | |a Aguilera, Néstor E. | |
| 710 | 2 | |a Olimpíada Matemática Argentina. | |
| 246 | 3 | 0 | |a Matemática usando Mathematica |
| 084 | |a 68W30 |2 msc2000 | ||
| 630 | 0 | 7 | |a Mathematica. |
| 859 | |h 68 |i Ag283 |p A-7191 |b BIB. MATEMATICA | ||
